Multi vision radar system (Record no. 395463)

MARC details
000 -LEADER
fixed length control field 00532 a2200205 4500
005 - DATE & TIME
control field 20260214105213.0
008 - FIXED-LENGTH DATA ELEMENTS--GENERAL INFORMATION
fixed length control field 260213b |||||||| |||| 00| 0 eng d
020 ## - ISBN
International Standard Book Number 9789394384521
Price Rs. 1699.00
040 ## - CATALOGING SOURCE
Original cataloging agency VIVEKANANDA LIBRARY
082 ## - DDC NUMBER
Classification number 623.746
Book Number J173M
100 ## - MAIN ENTRY--PERSONAL NAME
Personal name Jadhav, Samita
245 ## - TITLE STATEMENT
Title Multi vision radar system
260 ## - PUBLICATION, DISTRIBUTION, ETC. (IMPRINT)
Name of publisher, distributor, etc Saddle Publishers
Date of publication, distribution, etc 2022
Place of publication, distribution, etc Delhi
300 ## - PHYSICAL DESCRIPTION
Pages viii, 248
650 ## - Subject
Subject Military Engineering
650 ## - Subject
Subject Military Electronics
650 ## - Subject
Subject Weapon System
650 ## - Subject
Subject Radar System
942 ## - ADDED ENTRY ELEMENTS (KOHA)
Koha item type Books
Holdings
Withdrawn status Lost status Source of classification or shelving scheme Damaged status Not for loan Location (home branch) Sublocation or collection (holding branch) Shelving location Date acquired Koha issues (times borrowed) Koha full call number Accession No. Koha date last seen Koha item type
    Dewey Decimal Classification     VIVEKANANDA LIBRARY VIVEKANANDA LIBRARY Vivekananda Library 06/01/2026   623.746 J173M 444082 06/01/2026 Books
© Designed and Maintained by Vivekananda Library, MDU Rohtak